Представление документа в формате RUSMARC

Поле Инд. ПП Название Значение
Тип записи a
Библиографический уровень a
001 Контрольный номер e0ccd2a65a2c4d5b92f48ff4ee1b4bb6
005 Дата корректировки 20181126125648.4
100 a Данные общей обработки 20180921 ||| 0rusy0189 ca
101 0_ a Язык текста rus
102 a Страна публикации RU
200 1_ f Первые сведения об ответственности М.Л. Гальперин
a Заглавие Значение вины должника в исполнительном производстве: проблемы теории и судебного правоприменения
b Общее обозначение материала Текст
210 1_ d Дата издания 2018
461 _0 1 2000
a Администратор суда
463 _0 1 2000
a № 3
v С. 22-27
1 2101
d 2018
1 001bdb0d0cd4b5e4347a72c170be56429d7
606 a Основная рубрика Гражданское процессуальное право
610 0_ a Ключевые слова ИСПОЛНИТЕЛЬНОЕ ПРОИЗВОДСТВО
a Ключевые слова ПРАВОНАРУШЕНИЯ
a Ключевые слова ВИНА
a Ключевые слова ЮРИДИЧЕСКАЯ ОТВЕТСТВЕННОСТЬ
700 _1 a Фамилия Гальперин
b Имя М.Л.
801 _0 a Страна RU
b Организация РГУП
c Дата составления 20180921
g Правила каталогизации PSBO
801 _1 a Страна RU
b Организация РГУП
c Дата составления 20180921
g Правила каталогизации PSBO
901 t Тип документа b
w Контрольный № источника bdb0d0cd4b5e4347a72c170be56429d7
905 a Дата ввода 20180921